Microelectronics and office jobs : the impact of the chip on women's employment /

Bibliographic Details
Main Author: Werneke, Diane
Format: Book
Language:English
Published: Geneva : International Labour Office, 1983.
Series:WEP study.
Subjects:

MARC

Tag First Indicator Second Indicator Subfields
LEADER 00000cam a2200000 a 4500
001 in00000543764
005 20151013173113.0
008 840217s1983 sz b i00010 eng
010 |a  83168772  
020 |a 9221032787 (pbk.) :  |c 17.50F 
035 |a (OCoLC)09535699 
035 |9 ACH3633AM 
039 0 |a 2  |b 3  |c 3  |d 3  |e 3 
040 |a DLC  |c DLC  |d TXA  |d UtOrBLW 
049 |a TXAM  |c [936381] 
050 0 0 |a HF5547.5  |b .W47 1983 
082 0 |a 331.4/137042  |2 19 
100 1 |a Werneke, Diane. 
245 1 0 |a Microelectronics and office jobs :  |b the impact of the chip on women's employment /  |c Diane Werneke. 
264 1 |a Geneva :  |b International Labour Office,  |c 1983. 
300 |a 102 pages ;  |c 24 cm. 
336 |a text  |b txt  |2 rdacontent 
337 |a unmediated  |b n  |2 rdamedia 
338 |a volume  |b nc  |2 rdacarrier 
490 1 |a A WEP study 
504 |a Includes bibliographical references. 
650 0 |a Office practice  |x Automation. 
650 0 |a Women white collar workers  |x Effect of technological innovations on. 
650 0 |a Microelectronics. 
830 0 |a WEP study. 
999 |a MARS 
999 f f |s 36ebe556-2b8a-3349-8ee4-a0df0d81eaec  |i 001c9fa3-18b5-3b21-9d13-b1b52c2d0ea5  |t 0 
952 f f |p ric  |a Texas A&M University  |b Rellis Campus  |c Joint Library Facility  |d Remote Storage  |t 0  |e HF5547.5 .W47 1983  |h Library of Congress classification  |i unmediated -- volume  |m A14808775177 
998 f f |a HF5547.5 .W47 1983  |t 0  |l Remote Storage